Normal view
MARC view
- Chinese language.
Entry Topical Term
001 - CONTROL NUMBER
- control field: 40081
003 - CONTROL NUMBER IDENTIFIER
- control field: OSt
005 - DATE AND TIME OF LATEST TRANSACTION
- control field: 20190930194055.0
008 - FIXED-LENGTH DATA ELEMENTS
- fixed length control field: 190930|| aca||aabn | a|a d
040 ## - CATALOGING SOURCE
- Original cataloging agency: OSt
- Transcribing agency: OSt
150 ## - HEADING--TOPICAL TERM
- Topical term or geographic name entry element: Chinese language.
670 ## - SOURCE DATA FOUND
- Source citation: Work cat.: (OSt)0: Ren, Yi, author. 40077, Learning Mandarin Chinese characters: Volume 1/
